000
00310nam a2200145Ia 4500
100
_a
Sawyer/Pete
942
_c
BK
654
_a
computer
245
_a
Interfaces to Database Systems
260
_b
Springer Verlag
_a
NONE
_c
1995
082
_a
5.74
_b
SAW
300
_a
366
546
_a
ENGLISH
999
_c
23398
_d
23398